| 000 | 00000nam##2200000za#4500 |
| 001 | 9.641276 |
| 003 | CaOODSP |
| 005 | 20250910142445 |
| 007 | cr ||||||||||| |
| 008 | 150407|2005||||xxc|||||o f|0| 0 fre|d |
| 040 | |aCaOODSP|bfre |
| 043 | |an-cn--- |
| 086 | 1 |aD2-313/2-2005F-PDF |
| 110 | 1 |aCanada. |bMinistère de la défense nationale. |
| 245 | 13|aLe leadership dans les Forces canadiennes : |h[ressource électronique]|bfondements conceptuels / |cPublié sous les auspices du Chef d'état-major de la Défense. |
| 260 | |aOttawa - Ontario : |bDéfense nationale |cc2005. |
| 300 | |a164p.|bfigures, références, tableaux |
| 590 | |a13-03-Supp|b2013-02-11 |
| 691 | 07|aArmée|2gcpds |
| 691 | 07|aLeadership|2gcpds |
| 775 | 08|tLeadership in the Canadian Forces : |w(CaOODSP)9.697209 |
| 856 | 40|ahttp://publications.gc.ca|qPDF|s1.75 Mo|uhttps://publications.gc.ca/collections/collection_2013/dn-nd/D2-313-2-2005-fra.pdf |
| 986 | |aN° de IDDN: A-PA-005-000/AP-004 |